000 01028nam a2200289 a 4500
001 C01516013c-2
003 CO-ViMGA
005 20230915234406.0
008 160218s2011 ck a gr 0001j spa d
020 _a9789587802771
040 _aCO-ViMGA
_bspa
_cCO-ViMGA
043 _as-ck---
090 _aC ARC1
100 1 _aArciniegas, Triunfo,
_d1957-
_91433
245 1 3 _aEl último viaje de Lupita López /
_cTriunfo Arciniegas ; ilustraciones de Henry González.
260 _aBogotá :
_bEdiciones SM,
300 _a[50] páginas :
_bilustraciones ;
_c25 cm.
490 _aPlan Nacional de Lectura y Escritura Leer es mi Cuento / Ministerio de Cultura
500 _aDe 6 A 8 Años
650 1 4 _aCuentos infantiles colombianos.
_97941
650 1 4 _aLibros ilustrados para niños.
_987
650 1 4 _aPeces
_v Cuentos infantiles.
_91649
650 1 4 _aViajes
_v Cuentos infantiles.
_91343
700 1 _aGonzález, Henry,
_eilustradora.
_97942
700 1 _aSánchez Lozano, Carlos,
_eeditor.
_97943
942 _2ddc
_cBK
999 _c7660
_d7660